000 00594nam a2200229Ia 4500
003 OSt
005 20221005122204.0
006 a|||||r|||| 00| 0
007 ta
008 221004b |||||||| |||| 00| 0 eng d
024 _a56927
037 _cTextual
040 _aCRL
_cCRL
_beng
041 _2eng
_aeng
082 _aV2:1:M1, K1-;1
100 _aHaq S Moinul
_9631618
245 0 _aIntroduction to the history of Muslim rule in Hind-Pakistan
260 _c1961
650 _aHISTORY
942 _hV2:1:M1, K1-;1
_cTEXL
_2cc
999 _c1043548
_d1043548